Férfi énekesek - Statistics

General Stats
  • This quiz has been taken 143 times
  • The average score is 8 of 12
Answer Stats
Picture Answer % Correct
Azahriah
97%
Zámbó Jimmy
93%
Majka
85%
Krúbi
81%
Horváth Tamás
75%
Dzsudló
70%
Ganxsta Zolee
65%
ByAlex
62%
Jolly (Tarcsi Zoltán)
53%
Fenyő Miklós
43%
Burai Krisztián
41%
Herceg
28%
No matching quizzes found
Score Distribution
Percent of People with Each Score
Percentile by Number Answered
Your Score History
You have not taken this quiz